Human Resources Management (Record no. 3046)

MARC details
005 - DATE AND TIME OF LATEST TRANSACTION
control field 20250602163150.0
020 ## - INTERNATIONAL STANDARD BOOK NUMBER
International Standard Book Number 81-8054-640-3
082 ## - DEWEY DECIMAL CLASSIFICATION NUMBER
Classification number LECT 658.3 GUP
100 ## - MAIN ENTRY--PERSONAL NAME
Author name GUPTA, C. B.
245 ## - TITLE STATEMENT
Title Human Resources Management
260 ## - PUBLICATION, DISTRIBUTION, ETC.
Place of publication, distribution, etc. New Delhi,
Name of publisher, distributor, etc. Sultan Chand & Sons
Date of publication, distribution, etc. 2008.
300 ## - PHYSICAL DESCRIPTION
Extent xxii, 826p.: ill.; figure, table ;
Dimensions 24cm
942 ## - ADDED ENTRY ELEMENTS (KOHA)
Source of classification or shelving scheme Dewey Decimal Classification
Koha item type Books
Holdings
Date last seen Total checkouts Full call number Barcode Cost, replacement price Price effective from Koha item type Lost status Source of classification or shelving scheme Damaged status Not for loan Withdrawn status Home library Current library Shelving location Date acquired Cost, normal purchase price
06/02/2025   LECT 658.3 GUP 00000010669 144000.00 06/02/2025 Books   Dewey Decimal Classification       College of Business Education Main Library College of Business Education Main Library Special Reserve Collection 10/27/2009 48000.00